| 000 | 00368nam a2200133Ia 4500 | ||
|---|---|---|---|
| 008 | 210430s9999 xx 000 0 und d | ||
| 020 | _a978-0-07-451831-1 | ||
| 082 | _a672.36 P8951 H | ||
| 100 |
_aK H Prabhudev _954139 |
||
| 245 |
_aHandbook of Heat Treatment of Steels / _cK H Prabhudev |
||
| 260 |
_aIndia _bMcGraw Hill _c3831 |
||
| 300 | _a762p | ||
| 942 |
_cBK _2ddc |
||
| 999 |
_c564612 _d564612 |
||